00382nam a2200145Ia 4500008004100000020001800041041000800059082001700067100002700084245005900111250000600170260002900176300001300205650001800218210716s2008 xx 000 0 und d a9788131715093 aeng a005.133 LINP aLinden, Peter Van Der. aExpert c programming: deep c secrets.bDeep c secrets. a1 aNew DelhibPearsonc2008 axxvi,353 aC Programming